000
00332nam a2200133Ia 4500
008
240624s9999 xx 000 0 und d
041
_a
eng
082
_a
823 KIN
100
_a
KING ROSS
245
_a
LEONARDO AND THE LAST SUPPER
260
_c
2012
_a
New Delhi
_b
Bloomsbury
300
_a
xi, : 336 : p. : cm. ; 23
365
_c
RS
_b
30
999
_c
26835
_d
26835